| 000 | 00453nam a2200181Ia 4500 | ||
|---|---|---|---|
| 001 | 23537 | ||
| 005 | 20260414150944.0 | ||
| 008 | 260414t2015||||xx |||||||||||||| ||spa|| | ||
| 041 | _aESP | ||
| 082 |
_a660.284 _bM522 V. 2 |
||
| 100 |
_aMcCabe, Warren L. _eAUT |
||
| 245 | 0 |
_aOperaciones básicas de ingeniería química _b |
|
| 260 | _c2015 | ||
| 300 |
_apáginas :500-1048 _c21 cm. |
||
| 650 | _aTCA | ||
| 654 | _aCII | ||
| 942 |
_cLIB _dJUS _fJUS _2ddc _n |
||
| 999 |
_c23537 _d23537 |
||